000 00671nam a2200289Ia 4500
005 20260324130755.0
008 008 260324s9999 xx 000 0 eng d
020 _a9781315091266
037 _aEBOOK
040 _aCRL
040 _beng
040 _cCRL
041 _2eng
041 _aeng
084 _qCRL
100 _aLuisa Passerini
_91183035
245 0 _aMemory and Utopia
245 4 _bThe Primacy of Inter-Subjectivity
260 _bTaylor and Francis
260 _c2007
365 _a
365 _b230
856 _uhttp://www.taylorfrancis.com/books/9781315091266
942 _cEBOOK
999 _c1779522
_d1779522